000 00308nam a22001337a 4500
003 SGT
082 _a150
_bF14C
100 _aCORNELISSEN, R.M.M.
245 _aFOUNDATIONS AND APPLICATION OF INDIAN PSYCHOLOGY
260 _aDELHI
_bPEARSON
_c2014
300 _a418
650 _aPSYCHOLOGY
942 _2ddc
_cBK
999 _c10567
_d10567